LEADER 01581nam 2200349Ia 450 001 996383758503316 005 20221108053408.0 035 $a(CKB)1000000000597648 035 $a(EEBO)2240938984 035 $a(OCoLC)12192091 035 $a(EXLCZ)991000000000597648 100 $a19850624d1684 uy | 101 0 $aeng 135 $aurbn||||a|bb| 200 00$aAstronomy's advancement, or, News for the curious$b[electronic resource] $ebeing a treatise of telescopes, and an account of the marvelous astronomical discoveries of late years made throughout Europe : with the figures of the sun, moon, and planets, with Copernicus his system, in twelve copper plates : also, an abstract to ching the distance, faces, bulks, and orbs of the heavenly bodies, the best way of using instruments for satisfaction, &c. out of the best astronomers, ancient and modern, viz. Mr. Hook, Mr. Bouilleau, Mr. Hevelius, Father Kircher, &c. /$fdone out of French by Jos. Walker 210 $aLondon $cPrinted for Philip Lea ...$d1684 215 $a[12], 56 p., [10] leaves of plates (some folded) $cill 300 $aReproduction of original in British Library. 330 $aeebo-0018 606 $aAstronomy$vEarly works to 1800 606 $aTelescopes$vEarly works to 1800 615 0$aAstronomy 615 0$aTelescopes 701 $aWalker$b Joseph$0845961 801 0$bEAA 801 1$bEAA 801 2$bm/c 801 2$bWaOLN 906 $aBOOK 912 $a996383758503316 996 $aAstronomy's advancement, or, News for the curious$92409144 997 $aUNISA